000 00877cam a22002774a 4500
001 16586417
003 OSt
005 20150729015133.0
008 101217s2014 enka b 001 0 eng
010 _a 2010053104
020 _a9781292027685
035 _a(DNAL)1076340
040 _aDNAL/DLC
_cDLC
_dDLC
042 _apcc
082 0 0 _a635.9823068
_bNPG
_222
100 1 _aNelson, Paul V.
_949778
245 1 0 _aGreenhouse operation and management /
_cPaul V. Nelson.
250 _a7th ed., Pearson new international edition.
260 _aHarlow, Essex :
_bPearson Education Limited,
_c2014.
300 _axv, 566 p. :
_bill. (some col.) ;
_c28 cm.
504 _aIncludes bibliographical references and index.
650 0 _aGreenhouse management.
_949779
650 0 _aFloriculture.
_949780
942 _2ddc
_cBOOK
999 _c37781
_d272281